000 00540nam a2200169Ia 4500
001 17783
003 IN-NITTTR
005 20251114233208.0
008 251113s9999||||xx |||||||||||||| ||eng||
040 _beng
040 _cIN-NITTTR
041 _aeng
082 _a624.1834 I8W
100 _aInternational Colloquium on Concrete in Developing Countries,
245 0 _aWorkshop on construction control and form- work design, (Bombay :
_b 7 January 1988). /
_cInternational Colloquium on Concrete in Developing Countries
942 _2ddc
_cBK
999 _c20417
_d20417